00694 2200289 4500001002100000008004100021035002000062245007500082250001000157260003900167300002100206020001800227084001700245082001100262650001000273990001100283990001100294990001100305990001100316990001100327990001100338990001100349990001100360990001100371990001100382990001100393INLIS000000000000561 ind  a0010-0722000110 aCermin SahabatbKisah-kisah Persahabatan Yang MenakjubkancAbdul Malik aCet.1 aWonosobobMedia Kreasi Pressc2017 a116c14x 20,5 cm a9786026150615 a808.83 ABD c a808.83 aFiksi aDI.151 aDI.152 aDI.153 aDI.154 aDI.155 aDI.156 aDI.157 aDI.158 aDI.159 aDI.160 aDI.161